Principles of bacterial pathogenesis / (Record no. 171346)

MARC details
000 -LEADER
fixed length control field 00940nam a22002657a 4500
003 - CONTROL NUMBER IDENTIFIER
control field OSt
005 - DATE AND TIME OF LATEST TRANSACTION
control field 20260109135255.0
008 - FIXED-LENGTH DATA ELEMENTS--GENERAL INFORMATION
fixed length control field 250226b |||||||| |||| 00| 0 eng d
020 ## - INTERNATIONAL STANDARD BOOK NUMBER
International Standard Book Number 9780123042200 (hardcover)
040 ## - CATALOGING SOURCE
Original cataloging agency NUST
Language of cataloging eng
Transcribing agency NUST
Modifying agency NUST
Description conventions rda
050 ## - LIBRARY OF CONGRESS CALL NUMBER
Classification number QR175 PRI
245 ## - TITLE STATEMENT
Title Principles of bacterial pathogenesis /
Statement of responsibility, etc. edited by Eduardo A Groisman.
260 ## - PUBLICATION, DISTRIBUTION, ETC.
Place of publication, distribution, etc. San Diego, Calif :
Name of publisher, distributor, etc. Academic Press,
Date of publication, distribution, etc. 2001.
300 ## - PHYSICAL DESCRIPTION
Extent xvi, 826 pages :
Other physical details Illustrations ;
Dimensions 24 cm.
336 ## - CONTENT TYPE
Source rdamedia
Content type term text
Content type code txt
337 ## - MEDIA TYPE
Source rdamedia
Media type term unmediated
Media type code n
338 ## - CARRIER TYPE
Source rdamedia
Carrier type term volume
Carrier type code nc
504 ## - BIBLIOGRAPHY, ETC. NOTE
Bibliography, etc. note Includes bibliographical references and index.
650 ## - SUBJECT ADDED ENTRY--TOPICAL TERM
Form subdivision Virulence (Microbiology).
650 ## - SUBJECT ADDED ENTRY--TOPICAL TERM
Form subdivision Pathogenic bacteria.
650 ## - SUBJECT ADDED ENTRY--TOPICAL TERM
Form subdivision Bacterial infections -- microbiology.
650 ## - SUBJECT ADDED ENTRY--TOPICAL TERM
Form subdivision Bacteria -- pathogenicity.
700 ## - ADDED ENTRY--PERSONAL NAME
Personal name Groisman, Eduardo Abraham
Relator term Editor
942 ## - ADDED ENTRY ELEMENTS (KOHA)
Source of classification or shelving scheme Library of Congress Classification
Koha item type Ordinary Loan Books
Classification part QR175 PRI
Call number prefix QR
Call number suffix PRI
Suppress in OPAC No
Koha issues (borrowed), all copies 1
Holdings
Withdrawn status Lost status Source of classification or shelving scheme Damaged status Not for loan Collection Home library Current library Shelving location Date acquired Source of acquisition Cost, normal purchase price Total Checkouts Full call number Barcode Date due Date last seen Date last checked out Accession number Cost, replacement price Price effective from Koha item type Public note
    LCC     NFIC MEDICAL MAIN GEN 02/26/2025 Book Aid International 135.00 1 QR175 PRI 92004054131 02/20/2026 01/09/2026 01/09/2026 62069 135.00 02/26/2025 BOOKS Donation